00382nam a22001457a 4500020001800000082002300018100001400041245005200055260003500107300001000142650002400152650002000176650002000196650002000216 a9789348132505 aM 398.357 8bLEE/N aLeena M A aNadanpattum nasranippenperumayum/cby Leena M A aKozhikode:bAtma Books,c2025. a482p. aFolk song Christian aChristian Songs aFolk Literature aSocial Sciences